| 000 | 00579pab a2200205 454500 | ||
|---|---|---|---|
| 008 | 180718b1980 xxu||||| |||| 00| 0 eng d | ||
| 100 | _aAgrawala, S.K. | ||
| 245 | _aPublic servants' offence of corruption and sentencing by the Supreme Court of India | ||
| 260 | _c1980 | ||
| 300 | _ap.937-986. | ||
| 362 | _aOct-Dec | ||
| 650 | _aCorruption - India | ||
| 650 | _aSupreme Court of India | ||
| 650 | _aJudiciary - India | ||
| 650 | _aCivil service - India | ||
| 650 | _aCorruption | ||
| 773 | _aIndian Journal of Public Administration | ||
| 908 | _aN | ||
| 909 | _a88513 | ||
| 999 |
_c88513 _d88513 |
||